000 00275nam a22001097a 4500
005 20250505110448.0
008 230530b |||||||| |||| 00| 0 eng d
022 _a9770972685000
245 _a THE IUP JOURNAL OF CORPORATE GOVERNANCE
260 _bIUP PUBLICATION
942 _cJRL
999 _c8314
_d8312